| 000 | 01883cam a2200481Ia 4500 | ||
|---|---|---|---|
| 001 | 11089863 | ||
| 003 | USPCAS-E | ||
| 005 | 20180118181413.0 | ||
| 006 | m o d | ||
| 007 | cr cnu---unuuu | ||
| 008 | 070712s2006 enka o 000 0 eng d | ||
| 020 | _a9780080492643 (electronic bk.) | ||
| 020 | _a0080492649 (electronic bk.) | ||
| 020 | _a9780750667401 | ||
| 020 | _a0750667400 (pbk.) | ||
| 035 | _a(OCoLC)ocn154727677 | ||
| 035 |
_a(OCoLC)154727677 _z(OCoLC)505086750 _z(OCoLC)648302398 |
||
| 035 | _a(NNC)11089863 | ||
| 040 |
_aN$T _beng _cN$T _dOCLCQ _dYDXCP _dOCLCQ _dIDEBK _dOCLCQ _dOCLCF _dCOO _dUBY _dE7B _dZCU |
||
| 050 | 4 |
_aTK4058 _b.C76 2006eb |
|
| 072 | 7 |
_aTEC _x009070 _2bisacsh |
|
| 082 | 0 | 4 |
_a621.46 _222 _bCRO-E 2006 |
| 100 | 1 | _aCrowder, Richard M. | |
| 245 | 1 | 0 |
_aElectric drives and electromechanical systems _h[electronic resource] / _cRichard Crowder. |
| 260 |
_aOxford : _bElsevier, _cc2006. |
||
| 300 |
_a1 online resource (xv, 292 p.) : _bill. |
||
| 502 | _a0 | ||
| 504 | _aIncludes bibliographical references and index. | ||
| 650 | 0 | _aElectric driving. | |
| 650 | 0 | _aElectric controllers. | |
| 650 | 0 | _aPower electronics. | |
| 650 | 7 |
_aTECHNOLOGY & ENGINEERING _xMechanical. _2bisacsh |
|
| 650 | 7 |
_aElectric controllers. _2fast |
|
| 650 | 7 |
_aElectric driving. _2fast |
|
| 650 | 7 |
_aPower electronics. _2fast |
|
| 655 | 4 | _aElectronic books. | |
| 655 | 7 |
_aElectronic books. _2local |
|
| 776 | 0 | 8 |
_iPrint version: _aCrowder, Richard M. _tElectric drives and electromechanical systems. _dOxford : Elsevier, 2006 _z9780750667401 _z0750667400 _w(OCoLC)124874254 |
| 856 | 4 | 0 |
_uhttp://www.columbia.edu/cgi-bin/cul/resolve?clio11089863.001 _zACADEMIC - Mechanics & Mechanical Engineering |
| 856 | 4 | 0 |
_uhttp://www.columbia.edu/cgi-bin/cul/resolve?clio11089863.002 _zACADEMIC - Electrical & Power Engineering |
| 942 |
_2ddc _cBK |
||
| 999 |
_c355783 _d355783 |
||